Gender and institutions : welfare, work and citizenship

Αποθηκεύτηκε σε:
Λεπτομέρειες βιβλιογραφικής εγγραφής
Άλλοι συγγραφείς: Gatens, Moira (Επιμελητής έκδοσης), Mackinnon, Alison 1942- (Επιμελητής έκδοσης)
Μορφή: Βιβλίο
Γλώσσα:English
Δημοσίευση: [Cambridge] : Cambridge University Press, [c1998]
Θέματα:
Ετικέτες: Προσθήκη ετικέτας
Δεν υπάρχουν, Καταχωρήστε ετικέτα πρώτοι!

MARC

LEADER 00000nam a2200000 i 4500
001 1/32819
008 060727s1998 eng d
020 |a 0-521-63576-4 (pbk.) 
035 |l 10084779 
040 |a GR-MY-UA  |b gre  |e aacr 
041 0 |a eng 
082 0 |a 305.420994  |2 (22) 
245 1 0 |a Gender and institutions :  |b welfare, work and citizenship /  |c edited by Moira Gatens and Alison Mackinnon 
260 |a [Cambridge] :   |b Cambridge University Press,   |c [c1998] 
300 |a 214 σ.;  |c 24 εκ. 
504 |a Βιβλιογραφία: σ. 185-206. Ευρετήριο 
650 0 0 |a Sexual division of labor. 
650 0 0 |a Sex role  |z Australia. 
650 0 0 |a Sex discrimination against women  |z Australia. 
650 0 0 |a Feminism. 
650 0 0 |a Social institutions  |z Australia. 
650 0 0 |a Women  |z Australia  |x Social conditions. 
651 0 |a Australia  |x Social life and customs. 
700 1 |a Gatens, Moira.  |4 edt 
700 1 |a Mackinnon, Alison  |d 1942-  |4 edt 
852 |a INST  |b RHODES  |e 20060727  |h 305.420994 GEN  |p 005400024480  |q 005400024480  |t BK  |y 0 
901 |a BIBL4-2006-2 
909 |a Ρ  |b 126859 
920 |a ΑΝΑΜΟΡΦΩΣΗ  |b ΕΠΕΑΕΚ ΙΙ-ΤΕΠΑΕΣ  |y ΡΟΔΟΣ  |z 2006-06 
970 |a ΚΟΖΑ  |b ΜΑΡΙΑ  |z 2006/07/27